000 00705nam a2200217Ia 4500
003 GCL
008 140319s9999 xx 000 0 ara d
040 _aGCL /
_cGCL
082 0 4 _a336.1
_bا م
100 1 _aالسيد عبدالمولى
245 1 0 _aالمالية العامة المصرية : دراسة للاقتصاد العام المصرى /
_cالسيد عبدالمولى
260 _a[S.N] :
_bدار النهضة العربية ،
_c1993
300 _a532 ص
490 _a
650 0 4 _aمصر
650 0 4 _aالاقتصاد
650 0 4 _aالنفقات العامة
650 0 4 _aالمالية العامة
650 0 4 _aالايرادات والنفقات
942 _2ddc
_cBK
999 _c36913
_d36913